| 000 | 00985nam0a22002651 4500 | ||
|---|---|---|---|
| 001 | rc\4354779 | ||
| 005 | 20260406090607.0 | ||
| 021 |
_aRU _b[59-7348] |
||
| 035 | _a(NLR Aleph) 008531203 | ||
| 090 |
_a8288795 _c8288795 |
||
| 100 | _a20130416d1958 |||y0rusy50 ca | ||
| 101 | 0 | _arus | |
| 102 | _aRU | ||
| 105 | _ay z ||||| | ||
| 200 | 1 |
_aЖивопись эпохи Возрождения в Италии _e[Альбом репродукций _fПредисл. С. Всеволожской |
|
| 210 |
_aМосква] _cИзогиз _d1958 |
||
| 215 |
_a10 отд. л. в обертке _d35х27 |
||
| 606 |
_aИтальянская живопись _z14-16 вв. _jАльбомы _2psbo |
||
| 702 | 1 |
_4080 _7ca _8rus _aВсеволожская _bС. Н. _f1930-2007 _gСветлана Николаевна _3RU\NLR\AUTH\770281120 _92653087 |
|
| 801 | 0 |
_aRU _bNLR _gpsbo |
|
| 801 | 1 |
_aRU _bELAR _2rusmarc |
|
| 852 |
_aNLR _jЭ АлИс462-31/2-3 |
||
| 942 | _cBOOK | ||
| 980 | _aNB | ||